000 00288nam a2200121Ia 4500
008 240624s9999 xx 000 0 und d
041 _aeng
082 _a891.43 OJH
100 _aOJHA PRAFULCHANDRA
245 _aRAVINDRANATH KE NATAK 1
260 _aDelhi
_bSahitya Academy
365 _cRS
999 _c20922
_d20922